Schalke Spieler der Saison 23/24 - Statistiken

Allgemein
  • Dieses Quiz wurde 144 mal gespielt
  • Das Durchschnittsergebnis liegt bei 23 aus 37
Antwortstatistiken
Position Spieler % Korrekt
TW Ralf Fährmann
97%
TW Marius Müller
89%
ST Simon Terodde
89%
LV Joey Müller
87%
ST Keke Topp
85%
IV Marcin Kaminski
85%
TW (verliehen) Justin Heekeren
84%
TW Michael Langer
83%
ZM Paul Seguin
78%
IV Tomas Kalas
77%
ZDM Ron Schallenberg
76%
LV Thomas Ouwejan
73%
ST Kenan Karaman
72%
ST Bryan Lasme
71%
LV Derry Murkin
71%
RV Henning Matriciani
69%
RV Cedrik Brunner
68%
IV Ibrahima Cisse
65%
ST (verliehen) Sebastian Polter
65%
ZM Lino Tempelmann
64%
IV Timo Baumgartl
64%
ZM Assan Ouedraogo
63%
RV (geliehen) Brandon Soppy
63%
RM (geliehen) Yusuf Kabadayi
62%
ZOM Dominick Drexler
59%
LM Tobias Mohr
56%
RF/LF (geliehen) Darko Churlinov
54%
Trainer Karel Geraerts
50%
ZM Danny Latza
48%
IV Leo Greiml
40%
ZOM Blendi Idrizi
37%
RV Steven van der Sloot
36%
RF/LF (verliehen) Soichiro Kozuki
30%
ZDM (nicht mehr da) Niklas Tauer
23%
ST Niklas Castelle
12%
RF/LF (Kein EInsatz) Nelson Amadin
5%
ZDM (Kein Einsatz) Jimmy Kasparos
1%
Keine übereinstimmenden Quizze gefunden
Verteilung der Resultate
Anzahl Personen mit jedem Resultat
Perzentil nach korrekt beantworteten Fragen
Ihre Resultats-Entwicklung
Sie haben dieses Quiz noch nicht gespielt